[Event "Championnat de France des Jeunes - Junio"]
[Site "NIMES"]
[Date "2012.04.19"]
[Round "7.5"]
[White "Iwanesko, Alexandre"]
[Black "Graca, Robert"]
[Result "1/2-1/2"]
[WhiteElo "2215"]
[BlackElo "2246"]
[Annotator "Rivier,Sylvain"]
[PlyCount "72"]

1. e4 c5 2. Nf3 d6 3. d4 cxd4 4. Qxd4 Nc6 5. Bb5 Bd7 6. Bxc6 Bxc6 7. Nc3 Nf6 8.
Bg5 e6 9. Qd3 Qa5 10. Bxf6 gxf6 11. Nd4 h5 12. O-O-O Rg8 13. g3 h4 14. f4 Bd7
15. Kb1 a6 16. Rhe1 hxg3 17. hxg3 O-O-O 18. f5 Kb8 19. Nce2 Rc8 20. Nf4 exf5
21. Qb3 Bh6 22. Qxf7 Bxf4 23. gxf4 Be8 24. Qxf6 fxe4 25. Nb3 Qc7 26. Rxd6 Rf8
27. Qd4 Rxf4 28. Rd5 e3 29. Qd3 Rf2 30. a3 Qg3 31. Nd4 Rd2 32. Qf1 Qf2 33. Qh1
Qf7 34. Nc6+ Bxc6 35. Rxd2 exd2 36. Qh2+ Qc7 {suite illisible} 1/2-1/2

[Event "Championnat de France des Jeunes - Junio"]
[Site "NIMES"]
[Date "2012.04.20"]
[Round "8.1"]
[White "Ollier, Pablo"]
[Black "Song, Julien"]
[Result "1/2-1/2"]
[WhiteElo "2278"]
[BlackElo "2333"]
[PlyCount "91"]

1. c4 e5 2. Nc3 Nf6 3. Nf3 Nc6 4. g3 g6 5. d4 exd4 6. Nxd4 Bg7 7. Nxc6 bxc6 8.
Bg2 O-O 9. O-O Rb8 10. Rb1 d5 11. cxd5 cxd5 12. Nxd5 Bf5 13. Nxf6+ Bxf6 14. e4
Be6 15. Qa4 Qd4 16. Qxd4 Bxd4 17. b3 c5 18. Bh6 Rfc8 19. Rfd1 a5 20. Bf4 Rb6
21. Bf1 a4 22. Bc4 Bxc4 23. bxc4 Rcc6 24. Rb5 a3 25. Rd3 Rxb5 26. cxb5 Rb6 27.
Rb3 c4 28. Rb4 Bc5 29. Rxc4 Rxb5 30. Rc3 f6 31. Bc1 Bd4 32. Rc8+ Kf7 33. Bxa3
Ra5 34. Bc1 Rxa2 35. Be3 Bxe3 36. fxe3 Re2 37. Rc7+ Ke6 38. Rxh7 Rxe3 39. Kf2
Rxe4 40. Ra7 g5 41. Kf3 Rb4 42. Ra6+ Ke5 43. Ra5+ Ke6 44. Ra6+ Ke5 45. Ra5+ Ke6
46. Ra6+ 1/2-1/2

[Event "Championnat de France des Jeunes - Junio"]
[Site "NIMES"]
[Date "2012.04.20"]
[Round "8.3"]
[White "Graca, Robert"]
[Black "Sochacki, Wojtek"]
[Result "1/2-1/2"]
[WhiteElo "2246"]
[BlackElo "2239"]
[Annotator "Rivier,Sylvain"]
[PlyCount "43"]

1. Nf3 d5 2. d4 Nf6 3. c4 c6 4. e3 e6 5. Bd3 Nbd7 6. Nc3 Bd6 7. e4 dxe4 8. Nxe4
Nxe4 9. Bxe4 e5 10. O-O exd4 11. Qxd4 Qf6 12. Bc2 Qxd4 13. Nxd4 O-O 14. Rb1 Ne5
15. b3 Re8 16. Bb2 f6 17. Rfe1 Bd7 18. Rbd1 Bb4 19. Re3 Bg4 20. f3 Nxf3+ 21.
Rxf3 Bxf3 22. gxf3 {suite illisible} 1/2-1/2

[Event "Championnat de France des Jeunes - Junio"]
[Site "NIMES"]
[Date "2012.04.20"]
[Round "8.4"]
[White "Dionisi, Thomas"]
[Black "Le Goff, Ronan"]
[Result "1-0"]
[WhiteElo "2240"]
[BlackElo "2062"]
[PlyCount "67"]

1. e4 e5 2. Nf3 Nc6 3. d4 exd4 4. Nxd4 Nf6 5. Nc3 Bb4 6. Nxc6 bxc6 7. Bd3 d5 8.
exd5 cxd5 9. O-O O-O 10. Bg5 c6 11. h3 h6 12. Bh4 Be7 13. Qf3 Be6 14. Rad1 Rb8
15. b3 Rb4 16. Bg3 Re8 17. Ne2 Nd7 18. c3 Rb6 19. Rfe1 Nf8 20. Nd4 Bf6 21. Bc2
c5 22. Nxe6 Rbxe6 23. Rxe6 fxe6 24. c4 Bd4 25. Qe2 dxc4 26. Qxc4 Qb6 27. Qe2 e5
28. Be4 Kh8 29. Rd3 Re6 30. Qh5 Qd6 31. Bh4 Qd7 32. Rf3 Re8 33. Rf7 Qe6 34. Bf6
1-0

[Event "Championnat de France des Jeunes - Junio"]
[Site "NIMES"]
[Date "2012.04.20"]
[Round "8.5"]
[White "Manoeuvre, Antoine"]
[Black "Dubessay, Bastien"]
[Result "1/2-1/2"]
[WhiteElo "2271"]
[BlackElo "2372"]
[PlyCount "79"]

1. d4 Nf6 2. c4 g6 3. Nc3 Bg7 4. e4 d6 5. f4 O-O 6. Nf3 c5 7. d5 e6 8. Be2 exd5
9. cxd5 a6 10. a4 Re8 11. Nd2 Ng4 12. Nc4 Bxc3+ 13. bxc3 Nf6 14. O-O Nxe4 15.
Bd3 Nxc3 16. Qd2 Nxd5 17. f5 Nc6 18. fxg6 hxg6 19. Rxf7 Ne3 20. Nxe3 Kxf7 21.
Nc4 Bf5 22. Bb2 Bxd3 23. Qxd3 Re6 24. Qh3 Qg8 25. Rf1+ Ke8 26. Bg7 Ke7 27. Nb6
Qxg7 28. Nd5+ Kd7 29. Nb6+ Ke7 30. Nd5+ Kd7 31. Nb6+ Kc7 32. Nxa8+ Kd7 33. Nb6+
Ke7 34. Nd5+ Kd7 35. Nb6+ Ke7 36. Nc8+ Kd7 37. Nb6+ Ke7 38. Nd5+ Kd7 39. Nf6+
Ke7 40. Nd5+ 1/2-1/2

[Event "Championnat de France des Jeunes - Junio"]
[Site "NIMES"]
[Date "2012.04.21"]
[Round "9.1"]
[White "Ollier, Pablo"]
[Black "Dionisi, Thomas"]
[Result "0-1"]
[WhiteElo "2278"]
[BlackElo "2240"]
[PlyCount "94"]

1. d4 g6 2. c4 f5 3. g3 Nf6 4. Bg2 Bg7 5. Nf3 O-O 6. b3 d6 7. Bb2 Qe8 8. Nbd2
Nbd7 9. d5 e5 10. dxe6 Qxe6 11. O-O Qe7 12. Qc2 Nc5 13. b4 Nce4 14. e3 Bd7 15.
a4 a5 16. b5 b6 17. Nb3 Rae8 18. Nfd4 h5 19. Rae1 h4 20. f3 Nc5 21. Nxc5 dxc5
22. Nb3 hxg3 23. hxg3 Nh5 24. Bxg7 Kxg7 25. Qb2+ Kg8 26. Qf2 Qg5 27. Kh2 Nf6
28. Rh1 Re7 29. Kg1 Nh5 30. Rh3 Qf6 31. f4 Qc3 32. Nd2 Nf6 33. Bd5+ Be6 34. Nb1
Qb4 35. Bf3 Bxc4 36. Rd1 Rfe8 37. Nd2 Bd3 38. Qh2 Kg7 39. Nf1 Bxf1 40. Kxf1
Rxe3 41. Qf2 Qxa4 42. Kg2 Qxb5 43. Rd2 c4 44. Rb2 Qc5 45. g4 fxg4 46. Bxg4 Nxg4
47. Qh4 Qd5+ 0-1

[Event "Championnat de France des Jeunes - Junio"]
[Site "NIMES"]
[Date "2012.04.21"]
[Round "9.2"]
[White "Velten, Paul"]
[Black "Graca, Robert"]
[Result "1/2-1/2"]
[WhiteElo "2310"]
[BlackElo "2246"]
[PlyCount "139"]

1. d4 Nf6 2. Nf3 e6 3. g3 c5 4. Bg2 cxd4 5. Nxd4 d5 6. O-O e5 7. Nf3 Nc6 8. c4
d4 9. e3 d3 10. Nc3 Bb4 11. Bd2 O-O 12. a3 Bxc3 13. Bxc3 Ne4 14. Bxe5 Bg4 15.
h3 Bxf3 16. Bxf3 Nxf2 17. Rxf2 Nxe5 18. Bxb7 Rb8 19. Bd5 Qg5 20. Kg2 Qxe3 21.
Qd2 Nxc4 22. Bxc4 Qe4+ 23. Rf3 Qxc4 24. Rc1 Qb3 25. Rxd3 Qxb2 26. Rc7 Qe5 27.
Rc2 Qe4+ 28. Rf3 g6 29. Qe2 Qd4 30. Qc4 Qd7 31. Rcf2 Rb7 32. Rd3 Qe7 33. Qd5
Rb1 34. Rdf3 Rb6 35. h4 Ra6 36. Qd3 Rd6 37. Qb3 Qe6 38. Qxe6 Rxe6 39. Rc2 Rfe8
40. Rc7 R8e7 41. Rxe7 Rxe7 42. Rc3 Kg7 43. Rc5 Kf6 44. Ra5 Ke6 45. Kf3 Rc7 46.
Kf4 h5 47. Ra6+ Ke7 48. Ke5 Rd7 49. Ke4 Kd8 50. Ke5 Kc8 51. Kf6 Kb7 52. Ra4 Rd3
53. g4 Rf3+ 54. Kg7 hxg4 55. Rxg4 Rf5 56. Re4 Kb6 57. Rb4+ Kc6 58. Rc4+ Kb6 59.
Rb4+ Kc6 60. Rc4+ Kd6 61. Rd4+ Ke6 62. Re4+ Kd7 63. Rd4+ Kc7 64. Rc4+ Kb7 65.
Rb4+ Ka6 66. Ra4+ Kb7 67. Rb4+ Ka6 68. Ra4+ Kb7 69. Rb4+ Ka6 70. Ra4+ 1/2-1/2

[Event "Championnat de France des Jeunes - Junio"]
[Site "NIMES"]
[Date "2012.04.21"]
[Round "9.3"]
[White "Song, Julien"]
[Black "Buscara, Sevan"]
[Result "1-0"]
[WhiteElo "2333"]
[BlackElo "2318"]
[Annotator "Rivier,Sylvain"]
[PlyCount "62"]

1. d4 d6 2. Nf3 g6 3. c4 Bg7 4. g3 Nd7 5. Bg2 e5 6. Nc3 Ne7 7. O-O O-O 8. dxe5
dxe5 9. Qc2 h6 10. Rd1 f5 11. e4 c6 12. exf5 gxf5 13. Rd6 Qc7 14. Rxh6 Bxh6 15.
Bxh6 Rf7 16. Qd2 Ng6 17. Qg5 Qd6 18. Nh4 Kh7 19. Qh5 Kg8 20. Nxg6 Rf6 21. Rd1
Qe6 22. Nd5 Rxg6 23. Ne7+ Kf7 24. Nxg6 Qxg6 25. Qh4 Nf6 26. Rd8 Nh7 27. Rh8 f4
28. Bxf4 Qb1+ 29. Bf1 Bf5 30. Qh5+ Bg6 31. Rxh7+ Kg8 {suite illisible} 1-0

[Event "Championnat de France des Jeunes - Junio"]
[Site "NIMES"]
[Date "2012.04.21"]
[Round "9.5"]
[White "Dubessay, Bastien"]
[Black "Feryn, Alexandre"]
[Result "1-0"]
[WhiteElo "2372"]
[BlackElo "2088"]
[PlyCount "67"]

1. d4 Nf6 2. c4 g6 3. Nc3 Bg7 4. e4 d6 5. f3 O-O 6. Bg5 a6 7. Qd2 Nc6 8. Nge2
Rb8 9. Rc1 Bd7 10. d5 Na5 11. Nd1 c5 12. Ng3 b5 13. b3 Qb6 14. Be2 Rb7 15. O-O
Rfb8 16. cxb5 axb5 17. Be3 b4 18. e5 Ne8 19. f4 Rc8 20. Ne4 Ra7 21. Ndf2 Nb7
22. Nd3 Ra5 23. Rf2 Nc7 24. e6 fxe6 25. dxe6 Bxe6 26. Ng5 Bd7 27. Ne5 Bb5 28.
Nc4 Qa7 29. Nxa5 Qxa5 30. Bg4 Ra8 31. Bf3 Qb6 32. Bd5+ e6 33. Bxb7 Qxb7 34.
Qxd6 1-0